02086nas a2200349 i 4500003000900000005001700009007000300026008004100029022001400070040005900084041000800143245012100151264021400272300006300486310001100549336002900560337003500589338003000624362001800654500004400672500009500716520048200811650003901293650002201332650003401354651006701388651005301455651006901508655003101577710007301608710005501681DR-UNIBE20260427142122.0ta260427e2024 dr an|p|r||||||0| | spa d a2960-7876 aBiblioteca UNIBEbspacBiblioteca UNIBEdDO-SdBNPerda aspa00aDominicanos en el exterior : binforme del registro sociodemográfico de los dominicanos residentes en el exterior. aSanto Domingo, República Dominicana :bInstituto de Dominicanos y Dominicanas en el Exterior (INDEX).bMinisterio de Relaciones Exteriores (MIREX). Viceministerio para las Comunidades en el Exterior,c2024.  avolumen :bilustraciones, gráficos, mapas ;c28 x 21 cm. aAnual. atexto btxt 2rdacontent asin mediación bn 2rdamedia avolumen bnc 2rdacarrier a(Julio 2024). aCatalogación basada en: (Julio 2024). aInforme del registro sociodemográfico de los dominicanos residentes en el exterior 2024. aEl Registro Sociodemográfico de los dominicanos en el exterior es una innovadora herramienta que recoge datos importantes sobre la diáspora dominicana global. Esta iniciativa, liderada por la Dirección de Investigación y Estudio del Viceministerio para las Comunidades Dominicanas en el Exterior, tiene implicaciones tanto en el ámbito académico como en la formulación de políticas por parte del Ministerio de Relaciones Exteriores y otras entidades nacionales. 7aDiásporazRepública Dominicana 7aCiencias sociales 7aInvestigación demográfica 7aRepública DominicanaxEmigración e inmigraciónvInformes 7aCaribe (Región) xEmigración e inmigración 7aAmérica Latina xEmigración e inmigración vEstadísticas 7aPublicaciones periódicas2 aInstituto de Dominicanos y Dominicanas en el Exterior (INDEX)eautor2 aMinisterio de Relaciones Exteriores (MIREX)eautor